header

Morphology and its demarcations (Record no. 49572)

MARC details
000 -LEADER
fixed length control field 01666nam a2200337Ia 4500
082 04 - DEWEY DECIMAL CLASSIFICATION NUMBER
Classification number 415/.9
245 10 - TITLE STATEMENT
Title Morphology and its demarcations
260 ## - PUBLICATION, DISTRIBUTION, ETC. (IMPRINT)
Place of publication Amsterdam ;
-- Philadelphia :
Name of publisher John Benjamins,
Year of publication 2005.
300 ## - PHYSICAL DESCRIPTION
Number of Pages xiv, 317 p.
490 1# - SERIES STATEMENT
Series statement Amsterdam studies in the theory and history of linguistic science. Series IV, Current issues in linguistic theory,
650 #0 - SUBJECT ADDED ENTRY--TOPICAL TERM
Topical Term Grammar, Comparative and general
Topical Term Grammar, Comparative and general.
700 1# - ADDED ENTRY--PERSONAL NAME
Personal name Dressler, Wolfgang U.,
856 40 - ELECTRONIC LOCATION AND ACCESS
Uniform Resource Identifier http://site.ebrary.com/lib/rucke/Doc?id=10084588

No items available.

© 2026 Rongo University
Contact us: librarian | system librarian | Rongo university